00338nam a22001337a 4500003000400000005001700004008004100021020001800062040002700080100002900107245003000136260003000166300000800196OSt20260323124119.0260323b |||||||| |||| 00| 0 eng d a9788123906928 cIIMT UNIVERSITY MEERUT aGK Singh , Anil Bhandari aTextbook of Pharmacognosy aNEW DELHIbCBS PUBLISHERS a230